Statistics for U.S. Groups of Five

Click here to take the quiz!

General Stats

  • This quiz has been taken 17,143 times
  • The average score is 35 of 50

Answer Stats

GroupAnswer% Correct
Family members on "The Simpsons"Bart
94%
High school sports with the most participantsFootball
94%
Family members on "The Simpsons"Homer
93%
Big 5 Academy AwardsBest {Actor}
92%
Boroughs of New York CityManhattan
92%
States on the Gulf of MexicoTexas
92%
High school sports with the most participantsBasketball
91%
States on the Gulf of MexicoFlorida
91%
Family members on "The Simpsons"Marge
90%
States on the Gulf of MexicoLouisiana
88%
Big 5 Academy AwardsBest {Actress}
87%
Family members on "The Simpsons"Lisa
87%
States on the Gulf of MexicoAlabama
86%
Boroughs of New York CityBronx
86%
Great Lakes of North AmericaLake Michigan
86%
States on the Gulf of MexicoMississippi
85%
Boroughs of New York CityBrooklyn
84%
Great Lakes of North AmericaLake Erie
84%
Boroughs of New York CityQueens
84%
High school sports with the most participantsSoccer
84%
Wars officially declared by the U.S.WWI
84%
Wars officially declared by the U.S.WWII
84%
Great Lakes of North AmericaLake Superior
82%
Inhabited U.S. territoriesPuerto Rico
79%
Big 5 Academy AwardsBest {Director}
77%
Family members on "The Simpsons"Maggie
77%
Countries with which the U.S. has no official foreign relationsNorth Korea
77%
Inhabited U.S. territoriesGuam
76%
Boroughs of New York CityStaten Island
73%
Great Lakes of North AmericaLake Ontario
72%
Great Lakes of North AmericaLake Huron
71%
Countries with which the U.S. has no official foreign relationsIran
69%
High school sports with the most participantsTrack & field
69%
Big 5 Academy AwardsBest {Picture}
67%
Inhabited U.S. territoriesU.S. Virgin Islands
57%
Wars officially declared by the U.S.Spanish-American War
56%
1960s "Rat Pack" membersFrank Sinatra
55%
Wars officially declared by the U.S.War of 1812
51%
Inhabited U.S. territoriesAmerican Samoa
49%
Big 5 Academy AwardsBest {Screenplay}
47%
High school sports with the most participantsVolleyball
47%
Wars officially declared by the U.S.Mexican-American War
43%
Countries with which the U.S. has no official foreign relationsSyria
43%
1960s "Rat Pack" membersSammy Davis Jr.
41%
Countries with which the U.S. has no official foreign relationsTaiwan
41%
1960s "Rat Pack" membersDean Martin
39%
Inhabited U.S. territoriesNorthern Mariana Islands
26%
Countries with which the U.S. has no official foreign relationsBhutan
19%
1960s "Rat Pack" membersPeter Lawford
15%
1960s "Rat Pack" membersJoey Bishop
14%

Score Distribution

Percentile by Number Answered

Percent of People with Each Score

Your Score History

You have not taken this quiz